| 000 | nam a22 a 4500 | ||
|---|---|---|---|
| 999 |
_c614 _d614 |
||
| 003 | AKMAL | ||
| 005 | 20170504123501.0 | ||
| 008 | 170504t19901970my | e|| 000 0 eng d | ||
| 020 |
_a9780140137798 _qpaperback |
||
| 040 | _aAKMAL | ||
| 082 | 0 | 4 | _a158.1 BON |
| 090 | 2 | 0 |
_a158.1 _bBON |
| 100 | 1 |
_aDe Bono, Edward, _d1933-, _eauthor. _91066 |
|
| 245 | 1 | 0 |
_aLateral Thinking : _bA Textbook of Creativity / _cEdward de Bono |
| 264 | 1 |
_aLondon : _bPenguin Books, _c1990 |
|
| 264 | 4 | _c©1970 | |
| 300 |
_a260 pages, 12 unnumbered pages ; _c20 cm |
||
| 504 | _aBibliography: pages 265 | ||
| 650 | 1 | 0 |
_aLateral thinking _91073 |
| 942 |
_2ddc _cBOOK |
||